Catálogo
 En Linea

Opinión constitucional / (Registro nro. 48085)

Detalles MARC
000 -CABECERA
campo de control de longitud fija 00674nam a2200193 a 4500
001 - NÚMERO DE CONTROL
campo de control 000048597
005 - FECHA Y HORA DE LA ÚLTIMA TRANSACCIÓN
campo de control 20240319201453.0
008 - DATOS DE LONGITUD FIJA--INFORMACIÓN GENERAL
campo de control de longitud fija 190402s2014 dr r 000 0 spa d
020 ## - NÚMERO INTERNACIONAL ESTÁNDAR DEL LIBRO
Número Internacional Estándar del Libro 9789945081206
040 ## - FUENTE DE LA CATALOGACIÓN
Centro catalogador/agencia de origen DO-SdBNP
Lengua de catalogación spa
Centro/agencia transcriptor BNPHU
082 ## - NÚMERO DE LA CLASIFICACIÓN DECIMAL DEWEY
Número de clasificación xxxx
Número de documento/Ítem R263o
100 1# - ENTRADA PRINCIPAL--NOMBRE DE PERSONA
Nombre de persona Milton Ray Guevara
Fechas asociadas al nombre 1948-
9 (RLIN) 78143
245 10 - MENCIÓN DE TÍTULO
Título Opinión constitucional /
Mención de responsabilidad, etc. Milton Ray Guevara ; prólogo Adriano Miguel Tejada.
260 ## - PUBLICACIÓN, DISTRIBUCIÓN, ETC.
Lugar de publicación, distribución, etc. Santo Domingo :
Nombre del editor, distribuidor, etc. Amigo del Hogar,
Fecha de publicación, distribución, etc. 2014.
300 ## - DESCRIPCIÓN FÍSICA
Extensión 430 p. ;
Dimensiones 23 cm.
500 ## - NOTA GENERAL
Nota general Incluye referencias bibliográficas y notas al pie de las páginas
590 ## - NOTA LOCAL (RLIN)
Nota local Inventariado, 2019/LP
700 1# - PUNTO DE ACCESO ADICIONAL--NOMBRE DE PERSONA
Nombre de persona Tejada, Adriano Miguel
Fechas asociadas al nombre 1948-2020
Término indicativo de función/relación pról.
9 (RLIN) 8560
Existencias
Estado de retiro Estado de pérdida Restricciones de uso No para préstamo Código de colección Localización permanente Ubicación/localización actual Ubicación en estantería Fecha de adquisición Número de inventario Total de préstamos Signatura topográfica completa Código de barras Fecha visto por última vez Número de copia Precio válido a partir de Tipo de ítem Koha
        Dominicana de Servicio General General Depósito 12.03.2020 LF1   xxxx R263o 48597-30 25.06.2020 e.3 25.06.2020 Libro y Folleto Colección Dominicana de Servicio
      Excluido de préstamo Patrimonio Dominicano Patrimonio Dominicano Patrimonio Dominicano Depósito 02.04.2019 LF1   xxxx R263o 48597-10 25.06.2020   25.06.2020 Libro y Folleto Colección Patrimonio Dominicano
      Excluido de préstamo Patrimonio Dominicano Patrimonio Dominicano Patrimonio Dominicano Depósito 02.04.2019 LF1   xxxx R263o 48597-20 25.06.2020 e.2 25.06.2020 Libro y Folleto Colección Patrimonio Dominicano

Con tecnología Koha